| 000 | 01077nam a2200277 i 4500 | ||
|---|---|---|---|
| 001 | 94025 | ||
| 003 | ES-MaACL | ||
| 005 | 20250624062910.0 | ||
| 007 | t| | ||
| 008 | 050531s1964 sp ||||1| spa d | ||
| 080 | _a75 Brotat, Joan (083.82) | ||
| 100 | 1 |
_aBrotat, Joan. _931941 |
|
| 245 | 1 | 0 |
_aBrotat _b: [exposición, Sala de Santa Catalina del Ateneo de Madrid, junio de 1964] / _c[Texto: Cesáreo Rodríguez Aguilera]. |
| 260 |
_a[Madrid] : _bPublicaciones Españolas, _c[1964] |
||
| 300 |
_a[16] p. : _bprincipalmente il. ; _c28 cm. |
||
| 490 | 1 |
_aCuadernos de arte. Colección ordinaria ; _v167 |
|
| 600 | 1 | 4 |
_aBrotat, Joan- _vExposiciones. _931942 |
| 610 | 2 | 7 |
_aAteneo de Madrid- _vExposiciones- _y1960-1969. _91920 |
| 655 | 7 |
_2tgfbne _9193628 _aCatálogos de exposiciones |
|
| 700 | 1 |
_aRodríguez Aguilera, Cesáreo. _998320 |
|
| 710 | 2 |
_aAteneo de Madrid. _bSala de Santa Catalina. _91964 |
|
| 830 | 0 |
_aCuadernos de arte. Colección ordinaria _v167 _9180064 |
|
| 852 |
_aES-MaACL _j2195-F-6 _bR.136168 _997516 |
||
| 942 | _2udc | ||
| 999 |
_c94025 _d94025 |
||